載入...

Principles and problems of elementary algebra

書目詳細資料
主要作者: Rich, Barnett
格式: Printed Book
語言:English
出版: New Delhi McGraw Hill 1960
叢編:Schaum's outline seires in mathematics
主題:
LEADER 00556nam a22001697a 4500
005 20151215125029.0
008 091016t xxu||||| |||| 00| 0 eng d
082 |a 512  |b RIC 
100 |a Rich, Barnett  |9 4316 
245 |a Principles and problems of elementary algebra 
300 |a 294p 
490 |a Schaum's outline seires in mathematics 
653 |a Trigonometry 
942 |c BK  |6 _ 
260 |c 1960  |a New Delhi  |b McGraw Hill 
999 |c 96192  |d 96192 
952 |0 0  |1 0  |2 ddc  |4 0  |6 512_RIC  |7 0  |9 121310  |a SMS  |b SMS  |c GEN  |d 2009-10-16  |o 512 RIC  |p SMS013115  |r 2009-10-16  |w 2009-10-16  |y BK